Actitudes PFSE : (Record no. 497)

MARC details
000 -CABECERA
campo de control de longitud fija 00582nam a2200205 a 4500
005 - FECHA Y HORA DE LA ÚLTIMA TRANSACCIÓN
campo de control 20240420063818.0
008 - ELEMENTOS DE LONGITUD FIJA--INFORMACIÓN GENERAL
campo de control de longitud fija 991125s1991 es 000 0 spa u
020 ## - NÚMERO INTERNACIONAL NORMALIZADO PARA LIBROS
Número Internacional Estándar del Libro 8478690352
035 ## - NÚMERO DE CONTROL DEL SISTEMA
Número de control de sistema UPN01000000497
049 ## - COLECCIÓN
Colección CG
050 #4 - SIGNATURA TOPOGRÁFICA DE LA BIBLIOTECA DEL CONGRESO
Número de clasificación LB1733
Número de documento/Ítem P74 no.20
100 1# - ASIENTO PRINCIPAL--NOMBRE PERSONAL
Nombre de persona Yuste Hernanz, Carlos
9 (RLIN) 29510
245 10 - MENCIÓN DE TÍTULO
Título Actitudes PFSE :
Resto del título manual técnico /
Mención de responsabilidad, etc. Carlos Yuste Hernanz.
260 ## - PUBLICACIÓN, DISTRIBUCIÓN, ETC.
Lugar de publicación, distribución, etc. Madrid :
Nombre del editor, distribuidor, etc. CEPE,
Fecha de publicación, distribución, etc. 1991.
300 ## - DESCRIPCIÓN FÍSICA
Extensión 69 p.
440 #0 - MENCIÓN DE SERIE/ASIENTO SECUNDARIO--TÍTULO
Título Tests y psicodiagnóstico ;
Designación de volumen o secuencia 20
650 #7 - ASIENTO SECUNDARIO DE MATERIA - TERMINO TEMATICO
Término de materia o nombre geográfico como elemento de entrada Actitud (Psicología)
Fuente del encabezamiento o término
9 (RLIN) 125
650 #4 - ASIENTO SECUNDARIO DE MATERIA - TERMINO TEMATICO
Término de materia o nombre geográfico como elemento de entrada Educación especial
9 (RLIN) 3029
905 ## - TIPO DE MATERIAL
Tipo de material Libro
Holdings
Estado de retiro Estado de pérdida Fuente del sistema de clasificación o colocación Estado dañado Restricciones de uso No para préstamo Código de colección Localización permanente Ubicación/localización actual Ubicación en estantería Fecha de adquisición Clasificación Código de barras Fecha visto por última vez Número de copia Tipo de ítem Koha
    Library of Congress Classification   Préstamo por horas   Test y pruebas Bib. Gregorio Torres Quintero Bib. Gregorio Torres Quintero Colecciones especiales Planta alta 13/09/2022 LB1733 P74 no.20 107558 31/12/2020 1 Conjunto (Kit)